LEADER 01078nam a2200253 i 4500 001 000000156986 003 CaOOAMICUS 005 20061220000000.0 008 061220s1966 it u000 u ita u 013 $a134341 040 $aSeMil$bita 100 1 $aRussoli, Franco.$0(OLS)http://semarc/name/5737 245 10$aEdouard Vuillard /$c[Franco Russoli]. 246 04$iTitolo in copertina:$aVuillard 260 $aMilano :$bFabbri,$ccopyr. 1966. 300 $a1 v., [16] p. di tav. :$bill. ;$c36 cm. 490 0 $aI maestri del colore : la pił grande collana d'arte del mondo ;$v170 650 4$aVuillard, Edouard.$0(OLS)http://semarc/subject/30725 830 2$aI maestri del colore : la pił grande collana d'arte del mondo ;$v170.$0(OLS)http://semarc/title/2091 850 $aSeMil 852 $aSeMil$W1$xVenegono$y1$m5H XII 1/170$j108719$B108719$CSeMilBibl$Z2$F118298 $81 996 $6245$aEdouard Vuillard$9(OLS)http://semarc/title/230205 996 $6246$aVuillard$9(OLS)http://semarc/title/230206 996 $6260$aMilano :$bFabbri$9(OLS)http://semarc/publisher/30054 LEADER 01212nam a2200277 i 4500 001 000000124553 003 CaOOAMICUS 005 20170213000000.0 008 170213s2000 it u000 u ita u 013 $a97250 020 $a88-250-0927-5 040 $aSeMil$bita 245 10$aGiovanni 23. :$bil concilio della speranza /$ca cura di Angelina e Giuseppe Alberigo. 260 $aPadova :$bMessaggero,$c2000. 300 $a255 p. ;$c18 cm. 490 0 $aI minigrandi 650 4$aGiovanni XXIII - Concilio Vaticano <2. ; 1962-1965> - Preparazione.$0(OLS)http://semarc/subject/35162 700 1 $aAlberigo, Giuseppe,$d<1926-2007>.$0(OLS)http://semarc/name/743 700 1 $aAlberigo, Angelina <1927-2014>.$0(OLS)http://semarc/name/17899 830 2$aI minigrandi.$0(OLS)http://semarc/title/17369 850 $aSeMil 852 $aSeMil$W1$xVenegono$y1$m2A I 371$j79100$B79100$CSeMilBibl$Z2$F81384 $81 961 $aOmaggio: Giacomoni Silvia 996 $6020$a88-250-0927-5$9(OLS)http://semarc/number/273530 996 $6245$aGiovanni 23. :$bil concilio della speranza$9(OLS)http://semarc/title/407950 996 $6260$aPadova :$bMessaggero$9(OLS)http://semarc/publisher/29786